Missing Word: Oscar B's Quiz Stats

 Plays Quiz Updated Mar 28, 2012

Support Sporcle.
Go Orange.
Score 0/40 Timer 05:00
0 Plays Today
Winner B Word % Correct
Million Dollar ___Baby
93.4%
___ and ClydeBonnie
93.4%
___ CrosbyBing
92.1%
Raging ___Bull
90.6%
Halle ___Berry
90.2%
The ___ UltimatumBourne
88.5%
A ___ MindBeautiful
87.7%
Humphrey ___Bogart
87%
Marlon ___Brando
86.4%
The ___ on the River KwaiBridge
85.2%
___ FreeBorn
84.7%
___ DavisBette
84.6%
There Will Be ___Blood
80.2%
___ Stoker's DraculaBram
78.6%
Death ___ HerBecomes
78.4%
We ___ TogetherBelong
77.3%
___ LancasterBurt
74.7%
Ingrid ___Bergman
74.3%
Mutiny on the ___Bounty
74%
___ for ColumbineBowling
69.9%
Winner B Word % Correct
Porgy and ___Bess
67.7%
Sling ___Blade
63.3%
___ MountainBrokeback
62.4%
The ___ of St. Mary'sBells
57.9%
___ IvesBurl
53.1%
___ FosseBob
52.2%
Yul ___Brynner
50.8%
Javier ___Bardem
47.2%
___ WilderBilly
46.6%
___ LyndonBarry
39.9%
Red ___Buttons
32.4%
Danny ___Boyle
30.3%
___ for GloryBound
29.8%
Kathryn ___Bigelow
27.8%
In a ___ WorldBetter
26.2%
___ NarcissusBlack
24.7%
James L. ___Brooks
23.6%
___ FrickerBrenda
18.6%
___ AwayBreaking
15.3%
The Red ___Balloon
10.9%

Today's Daily Dose

You're not logged in!

Compare scores with friends on all Sporcle quizzes.
OR
Log In

From the Vault

Mastermind X

by goc3

'Mastermind X' sounds like it could a comic book villain, doesn't it?
Remove Ads.
Support Sporcle.
Get the best of Sporcle when you Go Orange. This ad-free experience offers more features, more stats, and more fun while also helping to support Sporcle. Thank you for becoming a member.

Show Comments

Extras

Top Quizzes Today


Score Distribution

Your Account Isn't Verified!

In order to create a playlist on Sporcle, you need to verify the email address you used during registration. Go to your Sporcle Settings to finish the process.

Report this User

Report this user for behavior that violates our Community Guidelines.

Details: